000 00358nam a22001457a 4500
008 221205b ||||| |||| 00| 0 eng d
020 _a20484135
041 _aeng
080 _a34
082 _a34
100 _a32
101 _ajure
245 _aA GUIDE FOR THE PROTECTION OF THE PUBLIC IN PEACETIME
_cARCHIVE OF THE GENERAL PUBLIC
942 _2udc
_cBK
999 _c59088
_d59088